| 000 | 00437cam a2200181ua 4500 | ||
|---|---|---|---|
| 020 | _c2.50 | ||
| 041 |
_ahin _h |
||
| 082 |
_a891.54 _bBHA/NA |
||
| 100 | _aBharati sharma, . | ||
| 245 |
_aNaveen gadya prakash / _cBharati sharma. _hTextual Documents |
||
| 250 |
_a1 / _b. |
||
| 260 |
_aTrivandrum : _bHindi book stall , _c1961. |
||
| 300 | _a131 ; . | ||
| 365 | _a2.50 | ||
| 504 | _a | ||
| 942 | _cBK | ||
| 999 |
_c6451 _d6451 |
||